Book Keeping & Alcing (Record no. 31903)

MARC details
000 -LEADER
fixed length control field 00395nam a2200169Ia 4500
008 - FIXED-LENGTH DATA ELEMENTS--GENERAL INFORMATION
fixed length control field 220531s9999 xx 000 0 und d
041 ## - LANGUAGE CODE
Language code of text/sound track or separate title eng
082 ## - DEWEY DECIMAL CLASSIFICATION NUMBER
Item number PAT
100 ## - MAIN ENTRY--PERSONAL NAME
Personal name Patkar, M. G.
9 (RLIN) 55201
245 ## - TITLE STATEMENT
Title Book Keeping & Alcing
260 ## - PUBLICATION, DISTRIBUTION, ETC. (IMPRINT)
Name of publisher, distributor, etc. Phadake
Date of publication, distribution, etc. 2008
300 ## - PHYSICAL DESCRIPTION
Extent 303
542 ## - INFORMATION RELATING TO COPYRIGHT STATUS
Copyright holder 17-11-2009
650 ## - SUBJECT ADDED ENTRY--TOPICAL TERM
Topical term or geographic name as entry element Accountancy
9 (RLIN) 55202
906 ## - LOCAL DATA ELEMENT F, LDF (RLIN)
d 2009-2010
Holdings
Withdrawn status Lost status Source of classification or shelving scheme Damaged status Not for loan Home library Current library Date acquired Vendor Cost, normal purchase price Total Checkouts Total Holds Full call number Barcode Date last seen Bill Date Koha item type Original Barcode
Withdrawn   Dewey Decimal Classification     Shri Siddhivinayak Mahila Mahavidyalaya Shri Siddhivinayak Mahila Mahavidyalaya 17/11/2009 Pragati 52.00   1 /PAT/B/12902 SSMM-BK-12902 06/08/2022 06/08/2022 Books 010012902